Stati sopra o sotto l'Equatore? - Quiz n°5 - Statistics

Statistiche generali
  • Questo quiz è stato fatto 50 volte
  • Il punteggio medio è 8 su 10
Statistiche sulle risposte
Hint Risposta % Corretto
Nauru Sud dell'Equatore
91%
Lesotho Sud dell'Equatore
91%
Nuova Zelanda Sud dell'Equatore
91%
Eritrea Nord dell'Equatore
85%
El Salvador Nord dell'Equatore
85%
Burundi Sud dell'Equatore
85%
Mauritania Nord dell'Equatore
80%
Togo Nord dell'Equatore
74%
Sri Lanka Nord dell'Equatore
70%
Filippine Nord dell'Equatore
63%
Nessun quiz corrispondente trovato
Distribuzione punteggi
Percentuale di utenti per punteggio
Percentile per numero di risposta
I tuoi punteggi nel tempo
Non hai fatto questo quiz